|
|
|
|
| LEADER |
00000cam a2200000 i 4500 |
| 001 |
OVID_on1255872575 |
| 003 |
OCoLC |
| 005 |
20231106213018.0 |
| 006 |
m d |
| 007 |
cr ||||||||||| |
| 008 |
170628s2015 paua fob ||1 0 spa |
| 040 |
|
|
|a UKMGB
|b eng
|e rda
|c UKMGB
|d OCLCO
|d OCLCF
|d OCLCO
|
| 015 |
|
|
|a GBC178417
|2 bnb
|
| 016 |
7 |
|
|a 018400563
|2 Uk
|
| 019 |
|
|
|a 1255866337
|
| 020 |
|
|
|a 9788416353965
|q EPUB
|
| 020 |
|
|
|a 8416353964
|q EPUB
|
| 020 |
|
|
|z 9788416004829
|q edicion en espanol
|
| 020 |
|
|
|z 9781451193626
|q edicion original
|
| 029 |
0 |
|
|a UKMGB
|b 018400563
|
| 035 |
|
|
|a (OCoLC)1255872575
|z (OCoLC)1255866337
|
| 037 |
|
|
|a 9788416353965
|b Ingram Content Group
|
| 082 |
0 |
4 |
|a 617.15
|2 23
|
| 049 |
|
|
|a UAMI
|
| 100 |
1 |
|
|a Egol, Kenneth A.,
|d 1967-
|e author.
|
| 240 |
1 |
0 |
|a Handbook of fractures.
|l Español
|
| 245 |
1 |
0 |
|a Manual de fracturas /
|c Kenneth A. Egol, Kenneth J. Koval, Joseph D. Zuckerman ; [traducción, Rafael Ballesteros Massó, traducción de la actualización de la 5ª edición, Félix García Roig].
|
| 250 |
|
|
|a 5. edicion.
|
| 264 |
|
1 |
|a Philadelphia :
|b Wolters Kluwer Health,
|c [2015]
|
| 300 |
|
|
|a 1 online resource :
|b illustrations
|
| 336 |
|
|
|a text
|2 rdacontent
|
| 337 |
|
|
|a computer
|2 rdamedia
|
| 338 |
|
|
|a online resource
|2 rdacarrier
|
| 500 |
|
|
|a Text in Spanish.
|
| 504 |
|
|
|a Includes bibliographical references and index.
|
| 590 |
|
|
|a Ovid
|b Ovid Español Book All Book Collection 2022 (SBAC-CS-P22)
|
| 650 |
|
0 |
|a Medicine
|v Handbooks, manuals, etc.
|
| 650 |
|
0 |
|a Bones
|x Wounds and injuries.
|
| 650 |
|
6 |
|a Os
|x Lésions et blessures.
|
| 650 |
|
7 |
|a Bones
|x Wounds and injuries.
|2 fast
|0 (OCoLC)fst00836043
|
| 650 |
|
7 |
|a Medicine.
|2 fast
|0 (OCoLC)fst01014893
|
| 655 |
|
7 |
|a Handbooks and manuals.
|2 fast
|0 (OCoLC)fst01423877
|
| 700 |
1 |
|
|a Koval, Kenneth J.,
|e author.
|
| 700 |
1 |
|
|a Zuckerman, Joseph D.
|q (Joseph David),
|d 1952-
|e author.
|
| 856 |
4 |
0 |
|u https://oceovid.uam.elogim.com/book?serialcode=01943881
|z Texto completo
|
| 994 |
|
|
|a 92
|b IZTAP
|